Вып. 13; Теоретическая и прикладная механика

Sonraí bibleagrafaíochta
Parent link:Теоретическая и прикладная механика: республиканский межведомственный научно-технический сборник/ Донецкий государственный университет. Вып. 13.— , 1970-1991
Rannpháirtithe: Космодамианский А. С. (редактор)
Teanga:Rúisis
Foilsithe / Cruthaithe: Киев, Вища школа, 1982
Ábhair:
Formáid: LEABHAR
KOHA link:https://koha.lib.tpu.ru/cgi-bin/koha/opac-detail.pl?biblionumber=311166

MARC

LEADER 00000nam2a2200000 4500
001 311166
005 20231102002347.0
035 |a (RuTPU)RU\TPU\book\336521 
035 |a RU\TPU\book\302786 
035 |a RU\TPU\book\355420 
090 |a 311166 
100 |a 20170317d1982 k y0rusy50 ca 
101 0 |a rus 
102 |a UA 
105 |a a z 001zy 
200 0 |a Вып. 13  |f отв. ред. А. С. Космодамианский 
210 |a Киев  |a Донецк  |c Вища школа  |d 1982 
215 |a 144 с.  |c ил. 
320 |a Библиография в конце статей 
461 1 |0 (RuTPU)RU\TPU\book\168625  |t Теоретическая и прикладная механика  |o республиканский межведомственный научно-технический сборник  |f Донецкий государственный университет  |v Вып. 13  |d 1970-1991 
606 1 |a Механика теоретическая  |2 stltpush  |3 (RuTPU)RU\TPU\subj\59441  |9 76991 
610 1 |a исследования 
610 1 |a твердое тело 
610 1 |a деформируемость 
610 1 |a гидромеханика 
610 1 |a напряжения 
610 1 |a изотропные пластинки 
610 1 |a анизотропные пластины 
610 1 |a плиты 
610 1 |a колебания 
610 1 |a волны 
675 |a 531  |v 3 
702 1 |a Космодамианский  |b А. С.  |4 340 
801 0 |a RU  |b RuMRKP  |c 19950704  |g psbo 
801 1 |a RU  |b 63413507  |c 20151203 
801 2 |a RU  |b 63413507  |c 20170328  |g RCR 
942 |c BK